| 000 | 00980cab a2200253 4500 | ||
|---|---|---|---|
| 001 | ABS56373 | ||
| 008 | 090401t1996 xxu||||| |||| 00| 0 eng d | ||
| 035 | _a(Sirsi) u23179 | ||
| 041 | _aeng | ||
| 245 | _aKay Green and others v Twinsectra Ltd | ||
| 260 | _c1996 | ||
| 350 | _a0 | ||
| 490 |
_aWeekly Law Reports _v[1996] 1 WLR, 1587-1604(18) |
||
| 520 | _aCA 15 May 1996. The owner of a block of flats sold the freehold without giving the tenants of the flats first refusal under The Landlord and Tenant Act 1987 s5. The tenants served a purchase notice on the new landlord under s12 of the same Act. CA held that the new landlord should comply with the purchase notice. | ||
| 650 | _aFLATS | ||
| 650 | _aFREEHOLD | ||
| 650 | _aLANDLORD AND TENANT ACT 1987 | ||
| 650 | _aLEASEHOLD ENFRANCHISEMENT | ||
| 650 | _aPURCHASE NOTICE | ||
| 650 | _aRIGHT OF FIRST REFUSAL | ||
| 690 | _aLANDLORD AND TENANT-CASE LAW-LEASEHOLD REFORM | ||
| 942 | _n0 | ||
| 948 | _c04/03/1997 | ||
| 999 |
_c15516 _d15516 |
||